000 00458nam a2200181 a 4500
001 22012
005 20180713215845.0
008 140415s1980 mx 000 0 spa d
020 _a9681305469
041 _aspa
082 _a320.972
_bAZU
100 1 _aAZUELA, SALVADOR
245 1 3 _aLA AVENTURA VASCONCELISTA 1929
250 _a1a ed.
260 _aMEXICO :
_bDIANA,
_c1980
300 _a173
650 1 4 _aMEXICO
_xPOLITICA Y GOBIERNO
999 _c22012
_d22012